The manual of the martial arts /

Bibliographic Details
Main Author: Van Clief, Ron
Format: Book
Language:English
Published: New York : Rawson, Wade, [1981]
Edition:1st ed.
Subjects:

MARC

Tag First Indicator Second Indicator Subfields
LEADER 00000cam a2200000 a 4500
001 in00000095492
005 20150923173615.0
008 810522s1981 nyua 00110 eng
010 |a  81008645  
020 |a 0892562048 :  |c $14.95 (est.) 
020 |a 9780892562046 
020 |a 0892562056 (pbk.) :  |c $7.95 (est.) 
020 |a 9780892562053 (pbk.) 
035 |a (OCoLC)07572522 
035 |9 AAK8135AM 
040 |a DLC  |c DLC  |d OCL  |d TXA  |d UtOrBLW 
049 |a TXAM  |c 1 [1362608], 2 [1362609], 3 [1362610] 
050 0 0 |a GV1101  |b V36 1981 
082 0 |a 796.8  |2 19 
100 1 |a Van Clief, Ron. 
245 1 4 |a The manual of the martial arts /  |c Ron Van Clief. 
250 |a 1st ed. 
264 1 |a New York :  |b Rawson, Wade,  |c [1981] 
264 4 |c ©1981 
300 |a 188 pages :  |b illustrations ;  |c 26 cm. 
336 |a text  |b txt  |2 rdacontent 
337 |a unmediated  |b n  |2 rdamedia 
338 |a volume  |b nc  |2 rdacarrier 
500 |a Includes index. 
650 0 |a Martial arts. 
999 |a MARS 
999 f f |s c5a1966f-47c4-31da-bd3c-88c6a27018b9  |i 58a864ff-2b3c-39b6-9f53-69a0bf267325  |t 0 
952 f f |p ric  |a Texas A&M University  |b Rellis Campus  |c Joint Library Facility  |s JLF  |d Remote Storage  |t 0  |e GV1101 V36 1981  |h Library of Congress classification  |i unmediated -- volume  |m A14806028396 
998 f f |a GV1101 V36 1981  |t 0  |l Remote Storage